|
|
|
|
| LEADER |
00000nam0a2200000 4500 |
| 001 |
255954 |
| 005 |
20231101233054.0 |
| 010 |
|
|
|a 9785913042002
|
| 035 |
|
|
|a (RuTPU)RU\TPU\book\278583
|
| 090 |
|
|
|a 255954
|
| 100 |
|
|
|a 20140403d2014 m y0rusy50 ca
|
| 101 |
0 |
|
|a ger
|
| 102 |
|
|
|a RU
|
| 105 |
|
|
|a y j 000zy
|
| 200 |
1 |
|
|a Практический курс немецкого языка
|e учебное пособие для вузов
|f Е. В. Стрижова, В. О. Федотова
|
| 210 |
|
|
|a Москва
|c IDO PRESS
|c Университетская книга
|d 2014
|
| 215 |
|
|
|a 120 с.
|
| 330 |
|
|
|a Пособие ориентировано на развитие у учащихся понимания общих закономерностей немецкого языка. Оригинальные тексты сопровождаются теоретическими сведениями и практическими заданиями, направленными на формирование у студентов общих лингвистических навыков, и позволяют наиболее полно освоить материал. В конце пособия имеются тестовые задания и ключи к ним для самоконтроля. Издание предназначено для студентов (бакалавриат и магистратура) и преподавателей гуманитарных вузов.
|
| 606 |
1 |
|
|a Немецкий язык
|x Учебные руководства и пособия для вузов
|2 stltpush
|3 (RuTPU)RU\TPU\subj\45394
|9 64636
|
| 610 |
1 |
|
|a лексика
|
| 610 |
1 |
|
|a грамматика
|
| 610 |
1 |
|
|a разговорная речь
|
| 610 |
1 |
|
|a упражнения
|
| 610 |
1 |
|
|a тесты
|
| 686 |
|
|
|a Ш143.24-923
|v LBC/SL-A
|2 rubbk
|
| 700 |
|
1 |
|a Стрижова
|b Е. В.
|
| 701 |
|
1 |
|a Федотова
|b В. О.
|
| 801 |
|
1 |
|a RU
|b 63413507
|c 20140403
|
| 801 |
|
2 |
|a RU
|b 63413507
|c 20161201
|g RCR
|
| 900 |
|
|
|a Практический курс перевода (немецкий язык)
|
| 942 |
|
|
|c BK
|
| 959 |
|
|
|a 60/20140403
|d 1
|e 181,50
|f ЧЗИЛ:1
|